UBT Library

PRECALCULUS (Record no. 59995)

000 -LEADER
fixed length control field 00307nam a22001457a 4500
008 - FIXED-LENGTH DATA ELEMENTS--GENERAL INFORMATION
fixed length control field 230616b ||||| |||| 00| 0 eng d
020 ## - INTERNATIONAL STANDARD BOOK NUMBER
International Standard Book Number 9781337279765
041 ## - LANGUAGE CODE
Language code of text/sound track or separate title eng
080 ## - UNIVERSAL DECIMAL CLASSIFICATION NUMBER
Edition identifier 10E
Universal Decimal Classification number 51
082 ## - DEWEY DECIMAL CLASSIFICATION NUMBER
Classification number 51LAR
100 ## - Rafti
Rafti 23
101 ## - Shkurtesa
Shkurtesa MATE
245 ## - TITLE STATEMENT
Title PRECALCULUS
Statement of responsibility, etc LARSON .R
942 ## - ADDED ENTRY ELEMENTS (KOHA)
Source of classification or shelving scheme
Item type Books
Holdings
Withdrawn status Lost status Source of classification or shelving scheme Damaged status Not for loan Collection code Permanent location Current location Date acquired Total Checkouts Full call number Barcode Date last seen Price effective from Koha item type
          Koleksioni i përgjithshem UBT - Lipjan UBT - Lipjan 06/16/2023   51LAR 002-800080619 06/16/2023 06/16/2023 Books
UBT Library © 2015-2024. All rights reserved University Education for Business and Technology